• 首页
  • 本馆介绍
  • 公告通知
  • 最新文献
  • 馆藏检索
  • 电子资源
  • 读者导购
  • 参考咨询
  • 我的图书馆
  • 登录
  • 详细信息显示
  • 放入我的书架
  • 预约/预借图书
  • 作者相关作品
  • 分类相关作品
  • 丛书相关作品
  • 出版社相关作品

书目信息

  • 表格格式
  • 工作单格式
  • 卡片格式
题名:
孔子与我聊做人
    
 
作者: 姜正成 编著
分册:  
出版信息: 郑州   郑州大学出版社  2016
页数: 242页
开本: 24cm
丛书名:
单 册:
中图分类: B222.2-49
科图分类:
主题词:
电子资源:
ISBN: 978-7-5645-3079-2
000 00853nam0 2200241 450
001 012001004773
005 20140928162350.0
010    @a978-7-5645-3079-2@dCNY38.00
100    @a20170427d2016 em y0chiy50 ea
101 0  @achi
102    @aCN@b410000
105    @aa z 000yy
106    @ar
200 1  @a孔子与我聊做人@9kong zi yu wo liao zuo ren@f姜正成编著
210    @a郑州@c郑州大学出版社@d2016
215    @a242页@c图,照片@d24cm
300    @a“国学今用”系列
330    @a本书通过孔子的聊天为开端,突出了其思想的本质,聊天内容依据现代社会的热点问题展开,通过详细的阐述和精彩的分析,把做人之道展现了出来,书中有丰富的案例和得当的点评。
600  0 @a孔丘@f(前551-前479)@x哲学思想@j通俗读物
690    @aB222.2-49@v5
701  0 @a姜正成@9jiang zheng cheng@4编著
801  0 @aCN@b上海新华@c20180901
905    @b1166962-6@dB222.2-49@e866@f5
    
    孔子与我聊做人/姜正成编著.-郑州:郑州大学出版社,2016
    242页:图,照片;24cm
    “国学今用”系列
    
    ISBN 978-7-5645-3079-2:CNY38.00
    本书通过孔子的聊天为开端,突出了其思想的本质,聊天内容依据现代社会的热点问题展开,通过详细的阐述和精彩的分析,把做人之道展现了出来,书中有丰富的案例和得当的点评。
●
相关链接 在E读中查询图书 在五车中查询图书 在当当中查询图书 在豆瓣中查询图书


正题名:孔子与我聊做人     索取号:B222.2-49/866         预约/预借

序号 登录号 条形码 馆藏地/架位号 状态 备注
1 1166962   211669620   第一样本阅览室/ [索取号:B222.2-49/866] 在馆    
2 1166963   211669639   第一借阅区/ [索取号:B222.2-49/866] 在馆    
3 1166964   211669648   第一借阅区/ [索取号:B222.2-49/866] 在馆    
4 1166965   211669657   中国特色社会主义理论体系唐师研究基地/ [索取号:B222.2-49/866] 在馆    
5 1166966   211669666   第一借阅区/ [索取号:B222.2-49/866] 在馆    
唐山师范学院图书馆 欢迎您!
大连网信软件有限公司© 版权所有